000 00535nam a22002057a 4500
003 OSt
005 20160624191806.0
008 160624b xxu||||| |||| 00| 0 eng d
020 _a0727916645
040 _cDNLM.
082 _aQU145T776w 2003.
100 _aTruswell,A.stewart;
_99607
245 _aABC of Nutrition.
250 _a4th ed.
260 _aLondon.
_bBMJ Publishing Group.
_c2003.
300 _avii,140p;
_bcol,ill;
_c30cm.
504 _aincludes references and index.
650 _aNutrition
_9321
942 _2z
_cO_SHELF
999 _c4473
_d4473